Centros rurales para el desarrollo de los programas universitarios de AUU y EPS
La presente investigación trata de la relación de los centros rurales para el desarrollo de los programas de AUC y EPS de la universidad de san Carlos con el devenir dentro del quehacer universitario en marcado biofísico y socioculturalmente en una realidad concreta en el país de Guatemala.
| Main Author: | |
|---|---|
| Other Authors: | |
| Format: | Tesis Section = Libro |
| Language: | Undetermined Spanish |
| Published: |
Guatemala
USAC-G
1975
|
| Subjects: |
| LEADER | 00943nam a2200205Ia 4500 | ||
|---|---|---|---|
| 008 | 240830s9999 xx 000 0 und d | ||
| 040 | |a BIBLIOTECA-RUSB/ Mon 721.7281 G642 | ||
| 041 | |a spa | ||
| 082 | |a Mon 721.7281 G642 | ||
| 100 | 1 | |a González Vides, Jorge Rodrigo | |
| 245 | 1 | 0 | |a Centros rurales para el desarrollo de los programas universitarios de AUU y EPS |
| 260 | |a Guatemala |b USAC-G |c 1975 | ||
| 300 | |a 100 p. :il. | ||
| 502 | |a Tesis (Arquitecto) - USAC-G, 1975. | ||
| 520 | 3 | |a La presente investigación trata de la relación de los centros rurales para el desarrollo de los programas de AUC y EPS de la universidad de san Carlos con el devenir dentro del quehacer universitario en marcado biofísico y socioculturalmente en una realidad concreta en el país de Guatemala. | |
| 650 | 7 | |a construcción ARQUITECTONICA – GUATEMALA I | |
| 700 | 1 | |a Tutor: |b Piloña P., Francisco | |
| 942 | |c BK |2 ddc | ||
| 991 | |a TESIS | ||
| 999 | |c 21196 | ||